Devine le Film grâce a ces 3 acteurs #1 - Statistiques

Statistiques générales
  • Ce quiz a été pris 256 fois
  • Le résultat moyen est 5 sur 10
Statistiques - réponses
Hint Réponse % Correct
DiCaprio, Winslet, Zane Titanic
94%
Watson, Radcliffe, Grint Harry Potter
89%
Downey Jr., Evans, Hemsworth Avengers
80%
Reeves, Moss, Fishburne Matrix
55%
Ford, Fisher, Hamill Star Wars
55%
Pitt, Clooney, Damon Ocean's Eleven
50%
Ledger, Bale, Caine The Dark Knight
43%
Jackman, Stewart, McKellen X-Men
40%
De Niro, Pacino, Pesci The Irishman
21%
Hardy, DiCaprio, Poulter The Revenant
19%
Aucun quiz correspondant
Distribution des résultats
% des personnes avec chaque résultat
Percentile par nombre de réponses
Votre historique - résultats
Vous n’avez pas pris ce quiz